01230cam a22003132i 4500001000800000003000700008005001700015008004100032020004700073035001500120040002300135042000900158049000900167090002000176100001700196240003800213245005000251250001100301260004100312300002300353490003200376500004500408700001600453765003800469830003200507942001400539999001500553952034800568ko06153YEEZEN20260127133630.0240701s2024 ch e 000 0 chi d a9786267415665q(平裝) :c新臺幣499元 a.b21157583 aCIPbchidRNIcCIP anbic aRNIA a861.57b5641-891 a東野圭吾10aあなたが誰かを殺した10a你殺了誰 /c東野圭吾著; 王華懋譯 a初版 a臺北市 :b獨步文化, c2024.08 a316面 ;c21公分1 a東野圭吾作品集;v44. a譯自:あなたが誰かを殺した1 a王, 華懋0 tあなたが誰かを殺した 0a東野圭吾作品集;v44. 2cclcBOOK c7689d7689 00102ccl4070ayeezenbyeezencYEEZENd2026-01-27l1m1o861.57pC03273r2026-03-23 00:00:00s2026-02-24w2026-01-27yBOOKz\歷經十年──《新參者》加賀恭一郎回來了/ 一回來就面對最窮凶極惡的對手! 堪比《惡意》險惡,《誰殺了她》燒腦 每一張美麗的臉底下,都是黑暗的祕密😈